000 00756nam a2200229 a 4500
005 20210223132351.0
008 140522s2007 mx r 000 0 spa d
020 _a9707562420
035 _aUPN01000197497
049 _aI
050 4 _aQ182.3 Q4.3
_bN4.44
100 1 _aNessmann, Philippe,
_d1967-
_935988
245 1 3 _aLas ilusiones ópticas /
_cPhilippe Nessmann ; il. Peter Allen.
260 _aMéxico :
_bLa Vasija,
_bCorreo del Maestro :
_c2007.
300 _a25 p. :
_bprincipalmente il. col.
440 1 _a¿Qué es eso?.
_pA partir de los 6 años
650 4 _aCIENCIA -
_xEXPERIMENTOS -
_vLITERATURA INFANTIL
_913449
650 4 _aILUSIONES OPTICAS
_923971
700 1 _aAllen, Peter,
_eil.
_930625
905 _aInfantil
999 _c169598
_d169598